الكون / (Record no. 14122)

MARC details
000 -الفاتح
حقل البيانات ثابتة الطول 00976nam a22002177a 4500
008 - عناصر البيانات ثابتة الطول - معلومات عامة
حقل البيانات ثابتة الطول 100620s1993 ku|||||r|||| 000 0 ara d
082 ## - رقم تصنيف ديوى العشرى
رقم الطبعة 22
رقم التصنيف 523.111
رقم المادة س ا غ
100 ## - المدخل الرئيسى - إسم شخصى
9 (RLIN) 14900
الإسم الشخصى ساغان، كارل
245 ## - بيان العنوان
العنوان الكون /
بيان المسئوليه,etc تاليف كارل ساغان ؛ ترجمة نافع أيوب لبس ؛ مراجعة محمد كامل عارف
260 ## - PUBLICATION, DISTRIBUTION, ETC. (IMPRINT)
مكان الناشر او الموزع الكويت :
اسم الناشر او الموزع المجلس الوطني للثقافة والفنون والآداب ، 1993
تاريخ النشر أو التوزيع 1993
300 ## - الوصف المادى
التعداد 316 ص ؛
أبعاد الوعاء 20 سم
336 ## - نوع المحتوى
source rdacontent
Carrier Type Term نص
Content Type Code txt
337 ## - نوع الوسيط
Media Type Term بدون وسيط
source rdamedia
Media Type Code n
338 ## - نوع الحامل أو الناقل
Carrier Type Term مجلد
Carrier Type Code nc
source rdacarrier
500 ## - تبصرة عامة
تبصرة عامة ترجمة لكتاب :Cosmos: The Story of Cosmic evolution, Science and civilization / Carl Sagan, London, 1981
500 ## - تبصرة عامة
تبصرة عامة إهداء: علاء عبد الغني
650 ## - المدخل الاضافى بالموضوع-مصطلح موضوعى
9 (RLIN) 14902
مصطلح موضوعي أو اسم جغرافي كعنصر مدخل الفضاء
700 ## - المدخل الاضافى - اسم شخصى
9 (RLIN) 14903
الإسم الشخصى لبس، نافع أيوب
700 ## - المدخل الاضافى - اسم شخصى
9 (RLIN) 14904
الإسم الشخصى عارف، محمد كامل
942 ## - عناصر المدخل الإضافي( كوها)
مصدر التصنيف او مخطط الترفيف Dewey Decimal Classification
Koha [default] item type Book - Borrowing
جزء التصنيف RDA-MOD
Holdings
حالة التراجع حالة الفقد مصدر التصنيف او خطة الترفيف حالة تلف ليس للاعارة مجموعات كوها المكان الدائم المكان الحالي موقع الترفيف تاريخ الاكتساب Source of acquisition رقم الاستدعاء الباركود Date last seen مُعار نوع الوعاء
    Dewey Decimal Classification       Central Library Central Library First floor 20/06/2010 Donation 523.111 ساغ 000020745 15/07/2025 13/10/2024 Book - Borrowing